[Event "Bhopal IND, Open 2017"]
[Site "Bhopal IND"]
[Date "2017.12.24"]
[Round "5.1"]
[White "Wohl, Aleksandar H"]
[Black "Gareyev, Timur"]
[Result "0-1"]
[WhiteElo "2370"]
[BlackElo "2606"]
[PlyCount "70"]
[EventDate "2017.12.21"]
[EventType "swiss"]
[EventRounds "10"]
[EventCountry "IND"]
[SourceTitle "OM OTB B 201907"]
[Source "Opening Master"]
[SourceDate "2019.07.06"]
[SourceVersion "2"]
[SourceVersionDate "2019.07.06"]
[SourceQuality "1"]

1. e4 e5 2. Nf3 Nc6 3. c3 d5 4. d3 Nf6 5. Nbd2 a5 6. Be2 Bc5 7. O-O O-O 8. Qc2
Re8 9. Nb3 Be7 10. a4 h6 11. Re1 Be6 12. Bf1 Bf8 13. h3 Nh5 14. Be3 Qf6 15.
exd5 Bxd5 16. Nbd2 Nf4 17. Kh2 Qf5 18. Ng1 Rad8 19. Ne4 Ne6 20. g4 Qh7 21. Bg2
Ne7 22. Ne2 Ng6 23. Rg1 Be7 24. Rad1 Nh4 25. Bh1 Bg5 26. N2g3 Qg6 27. b3 Bf4
28. Bxf4 exf4 29. Ne2 f3 30. N2g3 Nf4 31. c4 Be6 32. Nh5 Ne2 33. Rge1 f5 34.
Neg3 fxg4 35. hxg4 Bxg4 0-1

[Event "Sochi Doroshkevich Amateur op"]
[Site "Sochi"]
[Date "2017.12.22"]
[Round "2"]
[White "Esipenko, Aleksandr"]
[Black "Kiriushin, Vladimir"]
[Result "0-1"]
[WhiteElo "1843"]
[BlackElo "2102"]
[PlyCount "56"]
[EventDate "2017.12.21"]
[EventType "swiss"]
[EventRounds "9"]
[EventCountry "RUS"]
[SourceTitle "OM OTB B 201907"]
[Source "Opening Master"]
[SourceDate "2019.07.06"]
[SourceVersion "2"]
[SourceVersionDate "2019.07.06"]
[SourceQuality "1"]

1. e4 e5 2. Nf3 Nc6 3. c3 Nf6 4. d4 exd4 5. e5 Ne4 6. Qc2 d5 7. cxd4 Bf5 8. Qb3
Bb4+ 9. Nc3 a5 10. Bb5 O-O 11. O-O Na7 12. Be2 Qd7 13. Be3 c6 14. Rac1 b5 15.
Nd2 Nc8 16. Ndxe4 dxe4 17. f3 Bxc3 18. Qxc3 Ne7 19. fxe4 Bxe4 20. Bf2 Qd5 21.
Qc5 Qe6 22. Rc3 Nd5 23. Rg3 Nf4 24. Bf3 Bxf3 25. Rxf3 Qg4 26. Bg3 Ne6 27. Qe7
Rae8 28. Qb7 Nxd4 0-1

[Event "FICS rated lightning game"]
[Site "FICS freechess.org"]
[Date "2017.12.20"]
[Round "?"]
[White "pikozrout"]
[Black "Geforce"]
[Result "1-0"]
[WhiteElo "2291"]
[BlackElo "2099"]
[PlyCount "49"]
[EventDate "2017.??.??"]
[EventType "swiss"]

1. e4 e5 2. Nf3 Nc6 3. c3 d6 4. d4 Nf6 5. Bb5 Bd7 6. O-O Be7 7. Re1 h6 8. Na3
Nb8 9. Qb3 Bxb5 10. Qxb5+ Nbd7 11. Qxb7 O-O 12. Nc4 Nb6 13. Na5 Rb8 14. Qa6 Qd7
15. dxe5 Ng4 16. exd6 Bxd6 17. Nb3 Rbe8 18. h3 Ne5 19. Nxe5 Rxe5 20. Bf4 Rh5
21. e5 Qf5 22. Bg3 Be7 23. Qxa7 Bh4 24. Bxh4 Rxh4 25. Qxc7 {Black resigns} 1-0

[Event "Tourn. n9664"]
[Site "www.chess-mail.com"]
[Date "2017.12.19"]
[Round "1"]
[White "Bojan"]
[Black "Fantomas"]
[Result "0-1"]
[WhiteElo "2110"]
[BlackElo "2210"]
[PlyCount "94"]
[EventDate "2017.??.??"]

1. e4 e5 2. Nf3 Nc6 3. c3 d5 4. Qc2 dxe4 5. Qxe4 Nf6 6. Qc2 Bc5 7. h3 O-O 8. d3
e4 9. Nh2 Re8 10. d4 Be7 11. Be3 Bf5 12. Nd2 Bg6 13. Be2 Bd6 14. Ng4 Nd5 15.
Nc4 Nxe3 16. Ngxe3 Bf4 17. g3 Bxe3 18. fxe3 Ne7 19. g4 Nd5 20. Kd2 b5 21. Na5
Nxe3 22. Qb3 Nc4+ 23. Nxc4 bxc4 24. Qxc4 e3+ 25. Kd1 Be4 26. Rf1 Bd5 27. Qd3
Bg2 28. Rf4 g5 29. Rf5 Be4 30. Qb5 Bxf5 31. Qxf5 Qe7 32. Kc2 Rad8 33. Rh1 Qe4+
34. Qxe4 Rxe4 35. Kd3 Rde8 36. Bf3 Rf4 37. Ke2 Kg7 38. b3 f5 39. gxf5 Rxf5 40.
Rg1 Kf6 41. Rg3 Rf4 42. d5 Re5 43. c4 Rd4 44. Ke1 Rd2 45. a4 Rb2 46. Bd1 e2 47.
Rf3+ Kg6 {resign} 0-1

[Event "FICS rated blitz game"]
[Site "FICS freechess.org"]
[Date "2017.12.19"]
[Round "?"]
[White "kamenozrout"]
[Black "Geforce"]
[Result "0-1"]
[WhiteElo "2007"]
[BlackElo "2080"]
[PlyCount "74"]
[EventDate "2017.??.??"]
[EventType "blitz"]

1. e4 e5 2. Nf3 Nc6 3. c3 Bc5 4. d4 exd4 5. cxd4 Bb6 6. Nc3 d6 7. Bc4 Bg4 8.
Qd3 Bxf3 9. Qxf3 Nf6 10. d5 Ne5 11. Qe2 Nfg4 12. O-O Qh4 13. Bb5+ c6 14. Bf4
cxb5 15. Nxb5 O-O 16. Nxd6 Nxf2 17. Bxe5 Ng4+ 18. Kh1 Nxe5 19. Nxb7 Ng4 20. g3
Qh3 21. Rad1 Rae8 22. Rf4 f5 23. Nd6 Re5 24. Nxf5 Rfxf5 25. Rxg4 Rf2 26. Qxf2
Bxf2 27. Rh4 Qc8 28. Rf1 g5 29. Rxf2 gxh4 30. d6 h3 31. Kg1 Rxe4 32. b4 Re1+
33. Rf1 Re2 34. a3 Qc2 35. a4 Rg2+ 36. Kh1 Rxh2+ 37. Kg1 Qg2# {White checkmated
} 0-1

[Event "FICS rated blitz game"]
[Site "FICS freechess.org"]
[Date "2017.12.18"]
[Round "?"]
[White "bakonyi"]
[Black "adlerSK"]
[Result "1-0"]
[WhiteElo "1985"]
[BlackElo "2055"]
[PlyCount "79"]
[EventDate "2017.??.??"]
[EventType "blitz"]

1. e4 e5 2. Nf3 Nc6 3. c3 f5 4. d4 fxe4 5. Ng5 Nf6 6. dxe5 Nxe5 7. Bf4 Ng6 8.
Bg3 d5 9. Nd2 Bd6 10. Be2 c6 11. O-O O-O 12. Bh5 Bf5 13. Nb3 Be7 14. Nd4 Nxh5
15. Nxh7 Nhf4 16. Nxf8 Qxf8 17. Qd2 Bd6 18. f3 e3 19. Qxe3 Re8 20. Qd2 Bd3 21.
Rfe1 Bc5 22. Rxe8 Qxe8 23. Bxf4 Bxd4+ 24. cxd4 Qf7 25. Bg5 Bf5 26. Re1 Bd7 27.
Qe3 Qf5 28. h4 Nf8 29. Qf4 Qd3 30. Re7 Bf5 31. Re5 Ng6 32. Qxf5 Nxe5 33. Qxe5
Qb1+ 34. Kh2 Qxb2 35. h5 Qc2 36. h6 gxh6 37. Qe6+ Kh7 38. Qxh6+ Kg8 39. Qe6+
Kh7 40. Qf7+ {Black resigns} 1-0

[Event "FICS rated standard game"]
[Site "FICS freechess.org"]
[Date "2017.12.18"]
[Round "?"]
[White "kamenozrout"]
[Black "paulmtl"]
[Result "0-1"]
[WhiteElo "2231"]
[BlackElo "2341"]
[PlyCount "78"]
[EventDate "2017.??.??"]
[EventType "swiss"]

1. e4 e5 2. Nf3 Nc6 3. c3 Nf6 4. d4 Nxe4 5. d5 Bc5 6. Be3 Bxe3 7. fxe3 Ne7 8.
Nbd2 Nxd2 9. Qxd2 d6 10. Bc4 O-O 11. Rc1 Bg4 12. O-O Ng6 13. Bd3 f5 14. Bb5 Rb8
15. c4 Bxf3 16. Rxf3 e4 17. Rh3 a6 18. Ba4 Ne5 19. Rh5 Qf6 20. Kh1 Nd3 21. Rc2
f4 22. h4 Qg6 23. Rg5 Qh6 24. g3 fxg3 25. Rxg3 Qxh4+ 26. Qh2 Rf1+ 27. Kg2 Qf6
28. Qh3 Ne1+ 29. Kh2 Nxc2 30. Bxc2 Re8 31. b4 Rf2+ 32. Rg2 Rxg2+ 33. Qxg2 Qh4+
34. Kg1 Qe1+ 35. Kh2 Rf8 36. Qxe4 Rf2+ 37. Qg2 Rxg2+ 38. Kxg2 Qd2+ 39. Kg3 Qxc2
{White resigns} 0-1

[Event "FICS rated blitz game"]
[Site "FICS freechess.org"]
[Date "2017.12.18"]
[Round "?"]
[White "bakonyi"]
[Black "adlerSK"]
[Result "1-0"]
[WhiteElo "2004"]
[BlackElo "2032"]
[PlyCount "65"]
[EventDate "2017.??.??"]
[EventType "blitz"]

1. e4 e5 2. Nf3 Nc6 3. c3 f5 4. d4 fxe4 5. Nxe5 Nf6 6. Bg5 d5 7. Bb5 Bd7 8.
Bxc6 bxc6 9. Nd2 Be7 10. O-O O-O 11. c4 Be6 12. c5 Qe8 13. Qb3 Rb8 14. Qc3 Ng4
15. Bxe7 Qxe7 16. Nxg4 Bxg4 17. b3 Qg5 18. Kh1 Rbe8 19. Rae1 Qh4 20. Qg3 Qh5
21. Re3 Be2 22. Re1 Bd3 23. f3 Qf5 24. h3 a5 25. fxe4 dxe4 26. Qxc7 Qf2 27.
Nxe4 Bxe4 28. Rxe4 Rc8 29. Qd7 Kh8 30. Qg4 Qxa2 31. Re7 Rg8 32. Qxc8 Qxb3 33.
Re8 {Black resigns} 1-0

[Event "FICS rated standard game"]
[Site "FICS freechess.org"]
[Date "2017.12.18"]
[Round "?"]
[White "AbdollahAghajani"]
[Black "AnderssenA"]
[Result "0-1"]
[WhiteElo "1552"]
[BlackElo "2494"]
[PlyCount "22"]
[EventDate "2017.??.??"]
[EventType "swiss"]

1. e4 e5 2. Nf3 Nc6 3. c3 d5 4. d3 dxe4 5. dxe4 Qxd1+ 6. Kxd1 Bc5 7. Ke1 Nf6 8.
Bd3 Be6 9. Ke2 O-O-O 10. Re1 Nxe4 11. Bxe4 Bc4+ 0-1

[Event "World Youth U16 Olympiad"]
[Site "Ahmedabad IND"]
[Date "2017.12.17"]
[Round "8.9"]
[White "Parle, Hughston"]
[Black "Mazibuko, Khanya"]
[Result "0-1"]
[WhiteElo "2029"]
[BlackElo "1836"]
[PlyCount "128"]
[EventDate "2017.12.11"]
[EventType "team"]
[EventRounds "9"]
[EventCountry "IND"]
[SourceTitle "The Week in Chess 1206"]
[Source "Mark Crowther"]
[SourceDate "2017.12.18"]
[SourceVersion "2"]
[SourceVersionDate "2017.12.19"]
[SourceQuality "2"]
[WhiteTeam "Australia"]
[BlackTeam "South Africa A"]
[WhiteTeamCountry "AUS"]

1. e4 e5 2. Nf3 Nc6 3. c3 d5 4. d3 dxe4 5. dxe4 Qxd1+ 6. Kxd1 Nf6 7. Bd3 Bc5 8.
Ke2 Bg4 9. Rd1 O-O-O 10. a4 a5 11. Be3 Bxe3 12. Kxe3 Nxe4 13. Kxe4 f5+ 14. Ke3
e4 15. Be2 exf3 16. Rxd8+ Rxd8 17. gxf3 Bh5 18. Na3 Re8+ 19. Kd2 Ne5 20. Re1
Bxf3 21. Bd3 g6 22. Nb5 Bd5 23. Kc2 Bf7 24. Re3 Nxd3 25. Kxd3 Rxe3+ 26. Kxe3
Bb3 27. Nd4 Bxa4 28. Ne6 Bb3 29. Ng5 Bg8 30. f4 Kd7 31. Nf3 Kc6 32. Kd4 b5 33.
Ne5+ Kd6 34. Nd3 Bc4 35. Nc5 Bd5 36. h4 Be4 37. Nb3 Bc2 38. Nc5 Be4 39. Nb3 Bf3
40. Nc5 Bd5 41. Nd3 a4 42. Nc5 h6 43. Nd3 Bf7 44. Nc5 Be8 45. Nb7+ Ke6 46. Nc5+
Kf6 47. Na6 c6 48. Nc5 g5 49. hxg5+ hxg5 50. fxg5+ Kxg5 51. Ke3 Bf7 52. Nd3 Bc4
53. Nf4 Bf1 54. Ne6+ Kf6 55. Nf4 c5 56. Nd5+ Ke5 57. Ne7 Ke6 58. Nc8 Bg2 59.
Na7 b4 60. cxb4 cxb4 61. Nb5 Ke5 62. Ke2 Bc6 63. Nc7 a3 64. bxa3 bxa3 0-1

[Event "FICS rated blitz game"]
[Site "FICS freechess.org"]
[Date "2017.12.17"]
[Round "?"]
[White "gulpiyuri"]
[Black "Kombo"]
[Result "0-1"]
[WhiteElo "2074"]
[BlackElo "2124"]
[PlyCount "44"]
[EventDate "2017.??.??"]
[EventType "blitz"]

1. e4 e5 2. Nf3 Nc6 3. c3 d5 4. d3 dxe4 5. dxe4 Qxd1+ 6. Kxd1 Bg4 7. Bb5 O-O-O+
8. Ke2 Nge7 9. Be3 a6 10. Bc4 f6 11. Nbd2 Ng6 12. h3 Bd7 13. b4 Bd6 14. a4 Nf4+
15. Bxf4 exf4 16. Rhd1 Ne5 17. Nxe5 Bxe5 18. Rac1 Bxa4 19. Re1 Rd6 20. Nf3 Rhd8
21. Ra1 Bc6 22. Kf1 Bxc3 {White resigns} 0-1

[Event "FICS rated blitz game"]
[Site "FICS freechess.org"]
[Date "2017.12.16"]
[Round "?"]
[White "Hexatetra"]
[Black "Alecs"]
[Result "1-0"]
[WhiteElo "2118"]
[BlackElo "1897"]
[PlyCount "41"]
[EventDate "2017.??.??"]
[EventType "blitz"]

1. e4 Nc6 2. Nf3 e5 3. c3 Bc5 4. d4 exd4 5. cxd4 Bb6 6. Nc3 Nge7 7. d5 Nb8 8.
Bd3 d6 9. O-O O-O 10. h3 a6 11. Re1 Nd7 12. Be3 Ng6 13. Bxb6 Nxb6 14. Ne2 Bd7
15. Ng3 Qf6 16. Rb1 Rfe8 17. Nh5 Qe7 18. Qc2 Rac8 19. Qc3 f6 20. Ng3 Qe5 21.
Nxe5 {Black resigns} 1-0

[Event "FICS rated blitz game"]
[Site "FICS freechess.org"]
[Date "2017.12.15"]
[Round "?"]
[White "Hexatetra"]
[Black "Alecs"]
[Result "1-0"]
[WhiteElo "2123"]
[BlackElo "1920"]
[PlyCount "71"]
[EventDate "2017.??.??"]
[EventType "blitz"]

1. e4 Nc6 2. Nf3 e5 3. c3 Bc5 4. d4 exd4 5. c4 a5 6. Bf4 Nge7 7. Bd3 Ng6 8. Bg3
d6 9. O-O O-O 10. Re1 Bg4 11. h3 Be6 12. b3 Nge5 13. Nxe5 Nxe5 14. Bxe5 dxe5
15. Nd2 Bb4 16. Rf1 Qf6 17. a3 Bc3 18. Ra2 Qg5 19. Nb1 Bxh3 20. Qf3 Bg4 21. Qg3
h6 22. Nxc3 dxc3 23. Rc2 Rad8 24. c5 Qe7 25. Rxc3 Be6 26. Qxe5 f6 27. Qg3 Rd4
28. Rb1 Rfd8 29. b4 Ba2 30. Rb2 Bf7 31. bxa5 Ra8 32. Rxb7 Rxa5 33. Rxc7 Qd8 34.
Rb7 Rxc5 35. Rxc5 Rxd3 36. Rb8 {Black resigns} 1-0

[Event "Valera VEN, FVA Open 2017"]
[Site "Valera VEN"]
[Date "2017.12.14"]
[Round "3.21"]
[White "Parraga, Carlos Luis"]
[Black "Linares Prada, Holvis De Jesus"]
[Result "1-0"]
[WhiteElo "1868"]
[BlackElo "1520"]
[PlyCount "29"]
[EventDate "2017.12.13"]
[EventType "swiss"]
[EventRounds "7"]
[EventCountry "VEN"]
[SourceTitle "OM OTB B 201907"]
[Source "Opening Master"]
[SourceDate "2019.07.06"]
[SourceVersion "2"]
[SourceVersionDate "2019.07.06"]
[SourceQuality "1"]

1. e4 e5 2. Nf3 Nc6 3. c3 d5 4. Bb5 dxe4 5. Nxe5 Qd5 6. Qa4 Nge7 7. Nxc6 bxc6
8. Bc4 Qd6 9. O-O g6 10. b3 Bd7 11. Qa5 Bg7 12. Ba3 c5 13. Qxc5 Qxc5 14. Bxc5
Nf5 15. Bd5 1-0

[Event "FICS rated standard game"]
[Site "FICS freechess.org"]
[Date "2017.12.14"]
[Round "?"]
[White "konozrout"]
[Black "OBBYKA"]
[Result "0-1"]
[WhiteElo "2218"]
[BlackElo "2031"]
[PlyCount "70"]
[EventDate "2017.??.??"]
[EventType "swiss"]

1. e4 e5 2. Nf3 Nc6 3. c3 d5 4. Qa4 f6 5. Bb5 Nge7 6. exd5 Qxd5 7. d4 e4 8. Ng1
a6 9. Na3 e3 10. Nf3 exf2+ 11. Kxf2 Bd7 12. c4 Qh5 13. Nc2 O-O-O 14. Bxa6 bxa6
15. Qxa6+ Kb8 16. Re1 Qa5 17. Qxa5 Nxa5 18. b3 Bf5 19. Re2 Bxc2 20. Rxc2 Nf5
21. d5 Bc5+ 22. Kf1 Nb7 23. Rb1 h5 24. b4 Be3 25. Rb3 Rhe8 26. a4 Re4 27. Re2
Rde8 28. Bd2 g5 29. c5 g4 30. Ng1 g3 31. h3 Bxd2 32. Rxe4 Rxe4 33. Nf3 Bxb4 34.
c6 Nc5 35. Rb1 Nxa4 {White resigns} 0-1

[Event "World Youth U16 Olympiad"]
[Site "Ahmedabad IND"]
[Date "2017.12.13"]
[Round "4.11"]
[White "Parle, Hughston"]
[Black "Moazaz, Dhahir Habeeb"]
[Result "0-1"]
[WhiteElo "2029"]
[BlackElo "2046"]
[PlyCount "76"]
[EventDate "2017.12.11"]
[EventType "team"]
[EventRounds "9"]
[EventCountry "IND"]
[SourceTitle "The Week in Chess 1206"]
[Source "Mark Crowther"]
[SourceDate "2017.12.18"]
[SourceVersion "2"]
[SourceVersionDate "2017.12.19"]
[SourceQuality "2"]
[WhiteTeam "Australia"]
[BlackTeam "Iraq"]
[WhiteTeamCountry "AUS"]
[BlackTeamCountry "IRQ"]

1. e4 e5 2. Nf3 Nc6 3. c3 Nf6 4. d3 Be7 5. Nbd2 O-O 6. b4 a6 7. Be2 d5 8. O-O
Bg4 9. Re1 d4 10. cxd4 Bxb4 11. dxe5 Bxf3 12. Nxf3 Bxe1 13. Qxe1 Nd7 14. d4 Ne7
15. Bb2 Ng6 16. g3 Re8 17. Qc3 c5 18. d5 Qe7 19. e6 fxe6 20. d6 Qf8 21. Ng5 h6
22. Nxe6 Rxe6 23. Bc4 Rae8 24. f4 Kh7 25. Bxe6 Rxe6 26. f5 Rxd6 27. fxg6+ Rxg6
28. e5 Qe7 29. Rd1 b5 30. Rd2 b4 31. Qc4 Nxe5 32. Bxe5 Qxe5 33. Rd5 Qe3+ 34.
Kg2 Qe6 35. Qxc5 Qe2+ 36. Kh3 Qf1+ 37. Kh4 Qg2 38. h3 Qxg3+ 0-1

[Event "Fast Game"]
[Site "www.echecsemail.com"]
[Date "2017.12.12"]
[Round "1"]
[White "Rosario"]
[Black "Pangloss"]
[Result "0-1"]
[WhiteElo "1599"]
[BlackElo "1599"]
[PlyCount "22"]
[EventDate "2017.??.??"]

1. e4 e5 2. Nf3 Nc6 3. c3 Nf6 4. h3 d5 5. d3 dxe4 6. Bg5 exf3 7. Bxf6 fxg2 8.
Bxd8 gxh1=Q 9. Bg5 Bxh3 10. Qe2 f6 11. Nd2 fxg5 {resign} 0-1

[Event "Tourn. n9594"]
[Site "www.chess-mail.com"]
[Date "2017.12.11"]
[Round "1"]
[White "Bojan"]
[Black "Norlavuaram"]
[Result "1-0"]
[WhiteElo "2000"]
[BlackElo "2120"]
[PlyCount "47"]
[EventDate "2017.??.??"]

1. e4 e5 2. Nf3 Nc6 3. c3 Be7 4. d4 d6 5. d5 Nb8 6. h3 f5 7. Nbd2 Nf6 8. Bd3
fxe4 9. Nxe4 O-O 10. c4 Nbd7 11. Neg5 Nc5 12. Bc2 h6 13. Ne6 Nxe6 14. dxe6 Bxe6
15. b3 Qe8 16. Qd3 e4 17. Qe3 d5 18. Nd4 Bf7 19. cxd5 Nxd5 20. Qe2 Bb4+ 21. Bd2
e3 22. fxe3 Bxd2+ 23. Kxd2 c5 24. Nb5 {time} 1-0

[Event "FICS rated standard game"]
[Site "FICS freechess.org"]
[Date "2017.12.11"]
[Round "?"]
[White "AbdollahAghajani"]
[Black "AnderssenA"]
[Result "0-1"]
[WhiteElo "1697"]
[BlackElo "2519"]
[PlyCount "38"]
[EventDate "2017.??.??"]
[EventType "swiss"]

1. e4 e5 2. Nf3 Nc6 3. c3 d5 4. d3 dxe4 5. dxe4 Qxd1+ 6. Kxd1 Bc5 7. Be3 Bxe3
8. fxe3 Nf6 9. Bd3 Be6 10. Na3 a6 11. Ke2 O-O-O 12. Rhd1 Rhf8 13. Bc4 Nxe4 14.
Bxe6+ fxe6 15. Nc4 Rd5 16. Rxd5 exd5 17. Ncxe5 Nxe5 18. Nxe5 Rf2+ 19. Kd3 Rd2#
{White checkmated} 0-1

[Event "FICS rated standard game"]
[Site "FICS freechess.org"]
[Date "2017.12.11"]
[Round "?"]
[White "pikozrout"]
[Black "paulmtl"]
[Result "0-1"]
[WhiteElo "2304"]
[BlackElo "2242"]
[PlyCount "82"]
[EventDate "2017.??.??"]
[EventType "swiss"]

1. e4 e5 2. Nf3 Nc6 3. c3 Nf6 4. d4 Nxe4 5. d5 Bc5 6. dxc6 Bxf2+ 7. Ke2 Bb6 8.
Qd5 Nf2 9. Rg1 O-O 10. cxb7 Bxb7 11. Qxb7 Qf6 12. Na3 e4 13. Nd4 Ng4 14. Rh1
Bxd4 15. cxd4 Rab8 16. Qxc7 Qf2+ 17. Kd1 Qxd4+ 18. Ke1 Qf2+ 19. Kd1 Rfc8 20.
Qg3 Rxc1+ 21. Rxc1 Ne3+ 22. Qxe3 Qxe3 23. Rc2 d5 24. Nb5 d4 25. Rc4 d3 26. Nd6
f5 27. Rc3 Qd4 28. Nxf5 Qf2 29. Ne7+ Kf7 30. b3 Kxe7 31. Bxd3 exd3 32. Rxd3
Qxa2 33. Re1+ Kf8 34. g3 Qa1+ 35. Kd2 Qb2+ 36. Kd1 Rc8 37. Rd2 Rc1+ 38. Ke2
Qe5+ 39. Kf3 Rxe1 40. Rd8+ Ke7 41. Re8+ Kxe8 {White resigns} 0-1

[Event "SLO-chT 27th"]
[Site "Slovenia"]
[Date "2017.12.10"]
[Round "9.4"]
[White "Praznik, Anton"]
[Black "Pavasovic, Dusko"]
[Result "0-1"]
[WhiteElo "2140"]
[BlackElo "2548"]
[PlyCount "80"]
[EventDate "2017.09.29"]
[EventType "team-tourn"]
[EventRounds "9"]
[EventCountry "SLO"]
[SourceTitle "OM OTB B 201907"]
[Source "Opening Master"]
[SourceDate "2019.07.06"]
[SourceVersion "2"]
[SourceVersionDate "2019.07.06"]
[SourceQuality "1"]
[WhiteTeam "Vrhnika"]
[BlackTeam "Ljubljana Duol"]
[WhiteTeamCountry "SLO"]
[BlackTeamCountry "SLO"]

1. e4 e5 2. Nf3 Nc6 3. c3 Nf6 4. d4 Nxe4 5. d5 Bc5 6. dxc6 Bxf2+ 7. Ke2 Bb6 8.
Qd5 Nf2 9. Qxe5+ Kf8 10. Rg1 Ng4 11. Qe4 dxc6 12. Nd4 Qh4 13. Be3 Bd7 14. h3
Re8 15. Qxe8+ Kxe8 16. hxg4 Kd8 17. Kd2 Re8 18. Bd3 Qg3 19. Re1 c5 20. Nc2 c4
21. Bf5 Bxf5 22. gxf5 Qxg2+ 23. Re2 Qd5+ 24. Kc1 Qh1+ 25. Kd2 Qd5+ 26. Kc1 Kc8
27. Rd2 Qh1+ 28. Rd1 Bxe3+ 29. Nxe3 Qh6 30. Na3 Rxe3 31. Kb1 Qh5 32. Kc1 Qg5
33. Kb1 Qxf5+ 34. Nc2 Re2 35. Rc1 h5 36. b3 h4 37. bxc4 h3 38. Kb2 h2 39. Kb3
h1=Q 40. Nd4 Qhe4 0-1

[Event "London Classic Superblitz KO"]
[Site "London"]
[Date "2017.12.10"]
[Round "4.1"]
[White "Jones, Gawain CB"]
[Black "Howell, David"]
[Result "0-1"]
[WhiteElo "2654"]
[BlackElo "2676"]
[PlyCount "132"]
[EventDate "2017.12.10"]
[EventType "k.o. (blitz)"]
[EventRounds "6"]
[EventCountry "ENG"]
[SourceTitle "OM OTB B 201907"]
[Source "Opening Master"]
[SourceDate "2019.07.06"]
[SourceVersion "2"]
[SourceVersionDate "2019.07.06"]
[SourceQuality "1"]

1. e4 e5 2. Nf3 Nc6 3. c3 Nf6 4. d4 Nxe4 5. d5 Ne7 6. Nxe5 Ng6 7. Nxg6 hxg6 8.
Bd3 Nc5 9. O-O Be7 10. Re1 O-O 11. Bf1 d6 12. a4 c6 13. b4 Nd7 14. dxc6 bxc6
15. a5 Re8 16. Nd2 Ne5 17. Nc4 Nxc4 18. Bxc4 d5 19. Bd3 Bf6 20. Rxe8+ Qxe8 21.
Bd2 Bf5 22. Qf3 Qd7 23. Re1 a6 24. h3 Bxd3 25. Qxd3 Qb7 26. Rc1 Rd8 27. Be3 Qb5
28. Rd1 Qxd3 29. Rxd3 Kf8 30. g3 Ke7 31. h4 Be5 32. Bb6 Re8 33. Bc5+ Ke6 34.
Kf1 Bf6 35. f3 Rh8 36. Kg2 g5 37. hxg5 Bxg5 38. f4 Bd8 39. Bd4 Rh7 40. g4 g6
41. Rd1 Rh4 42. Kg3 Rh7 43. Rc1 Be7 44. Re1+ Kd7 45. g5 Bd6 46. Bf6 Rh5 47. Be5
Bxe5 48. Rxe5 Rh1 49. Re3 Rc1 50. Kf3 Kd6 51. Rd3 c5 52. bxc5+ Kxc5 53. Re3 Kd6
54. Ke2 Ra1 55. Re8 Rxa5 56. Kd3 Ra4 57. Ra8 Rxf4 58. Rxa6+ Ke5 59. Ra7 Rf5 60.
Re7+ Kf4 61. Kd4 Kxg5 62. Re5 Rxe5 63. Kxe5 f5 64. Kxd5 f4 65. Ke4 Kg4 66. c4
f3 0-1

[Event "London Classic Superblitz KO"]
[Site "London"]
[Date "2017.12.10"]
[Round "1.2"]
[White "Jones, Gawain CB"]
[Black "Turner, Matthew"]
[Result "1-0"]
[WhiteElo "2654"]
[BlackElo "2545"]
[PlyCount "71"]
[EventDate "2017.12.10"]
[EventType "k.o. (blitz)"]
[EventRounds "6"]
[EventCountry "ENG"]
[SourceTitle "OM OTB B 201907"]
[Source "Opening Master"]
[SourceDate "2019.07.06"]
[SourceVersion "2"]
[SourceVersionDate "2019.07.06"]
[SourceQuality "1"]

1. e4 e5 2. Nf3 Nc6 3. c3 Nf6 4. d4 d6 5. Bd3 g6 6. h3 Bg7 7. O-O O-O 8. Re1
Re8 9. d5 Ne7 10. c4 h6 11. Nc3 Nh5 12. b4 Nf4 13. Bf1 a5 14. bxa5 Rxa5 15. Rb1
b6 16. a4 f5 17. Bd2 Ra8 18. Qc2 Kh7 19. Bxf4 exf4 20. e5 dxe5 21. Nxe5 Nxd5
22. Nc6 Nxc3 23. Nxd8 Rxd8 24. Re7 Nxb1 25. Qb2 Rg8 26. Qxb1 Rxa4 27. Rxc7 f3
28. g3 f4 29. g4 h5 30. gxh5 Bf5 31. hxg6+ Kxg6 32. Qxb6+ Kh5 33. Kh2 Ra1 34.
Qc5 Kg6 35. Rc6+ Bf6 36. Rxf6+ 1-0

[Event "FICS rated blitz game"]
[Site "FICS freechess.org"]
[Date "2017.12.10"]
[Round "?"]
[White "Nahka"]
[Black "MIHAILOP"]
[Result "1-0"]
[WhiteElo "1899"]
[BlackElo "2347"]
[PlyCount "123"]
[EventDate "2017.??.??"]
[EventType "blitz"]

1. e4 e5 2. Nf3 Nc6 3. c3 d5 4. Qa4 dxe4 5. Nxe5 Qd5 6. Nxc6 bxc6 7. Bc4 Qd6 8.
O-O Nf6 9. d3 exd3 10. Bxd3 Be7 11. Rd1 Qe6 12. Bf4 O-O 13. Bxc7 Nd5 14. Bg3
Re8 15. Nd2 Qg4 16. Qxg4 Bxg4 17. Re1 a5 18. h3 Be6 19. Nf3 c5 20. a3 a4 21. c4
Nf6 22. Ne5 Bd6 23. f4 Rab8 24. Rab1 g6 25. Bf2 h5 26. g3 Bxh3 27. Nc6 Rxe1+
28. Bxe1 Rb3 29. Bc3 Ng4 30. Bc2 Rb6 31. Bxa4 h4 32. Re1 Kf8 33. Nd8 Be7 34.
gxh4 Ra6 35. Bb5 Ra7 36. Nc6 Rc7 37. Nxe7 Rxe7 38. Rxe7 Kxe7 39. a4 Ne3 40. a5
Bc8 41. a6 Nf5 42. Be5 f6 43. Bc7 Nxh4 44. Bb6 Nf3+ 45. Kf2 Nd4 46. b4 cxb4 47.
Bxd4 b3 48. Bc5+ Ke6 49. Ba3 b2 50. Bxb2 Kd6 51. Ke3 Kc5 52. Bxf6 Kb6 53. f5
Bxf5 54. Kf4 Bc8 55. Kg5 Bxa6 56. Kxg6 Bxb5 57. Bd4+ Kc6 58. c5 Bc4 59. Kf5 Bd5
60. Ke5 Bc4 61. Ke4 Bd5+ 62. Kd3 1-0

[Event "Tourn. n9545"]
[Site "www.chess-mail.com"]
[Date "2017.12.09"]
[Round "1"]
[White "Bojan"]
[Black "Norlavuaram"]
[Result "1-0"]
[WhiteElo "2060"]
[BlackElo "2080"]
[PlyCount "85"]
[EventDate "2017.??.??"]

1. e4 e5 2. Nf3 Nc6 3. c3 Nf6 4. Bb5 d6 5. h3 Bd7 6. b4 a6 7. Bc4 b5 8. Bd3 Be7
9. Bc2 O-O 10. d3 Ne8 11. Be3 f5 12. Nbd2 f4 13. Bb3+ Kh8 14. Nxe5 dxe5 15. Bc5
Nd6 16. Nf3 g5 17. Nh2 a5 18. Ng4 a4 19. Bd5 Rb8 20. f3 h5 21. Nf2 Kg7 22. a3
Bf6 23. Kd2 Rh8 24. Qe2 Ne7 25. Ba2 Nb7 26. Kc2 Nxc5 27. bxc5 c6 28. Rab1 Qa5
29. Rb2 Qa7 30. Rhb1 Qc7 31. Rb4 Qa7 32. d4 exd4 33. cxd4 Ng6 34. Nh1 Rbe8 35.
Rd1 Bd8 36. Nf2 Be6 37. Bxe6 Rxe6 38. Rd3 Ba5 39. Rb1 Rd8 40. Rbd1 b4 41. Kb2
bxa3+ 42. Kxa3 Rb8 43. Qc2 {time} 1-0

[Event "ch-CHN Rapid 2017"]
[Site "Shenzhen CHN"]
[Date "2017.12.07"]
[Round "5.10"]
[White "Liu Guanchu"]
[Black "Yuan, Qingyu"]
[Result "1-0"]
[WhiteElo "2462"]
[BlackElo "2393"]
[PlyCount "72"]
[EventDate "2017.12.07"]
[EventType "swiss (rapid)"]
[EventRounds "9"]
[EventCountry "CHN"]
[SourceTitle "The Week in Chess 1205"]
[Source "Mark Crowther"]
[SourceDate "2017.12.11"]
[SourceVersion "2"]
[SourceVersionDate "2017.12.11"]
[SourceQuality "2"]

1. e4 e5 2. Nf3 Nc6 3. c3 d5 4. Qa4 dxe4 5. Nxe5 Qd5 6. Nxc6 bxc6 7. Bc4 Qd6 8.
O-O Nf6 9. d3 Ng4 10. g3 Be7 11. Bf4 Qg6 12. h3 Nh6 13. Bd5 O-O 14. Qxc6 Qh5
15. Bxh6 gxh6 16. Bxe4 Bxh3 17. Bg2 Rab8 18. b4 Bd6 19. Nd2 Bf5 20. Ne4 Bxe4
21. Qxe4 Rbe8 22. Qd4 a5 23. bxa5 Qxa5 24. a4 Re5 25. Rfe1 Rfe8 26. Re4 R8e6
27. Rb1 Re8 28. Bf3 Rxe4 29. Bxe4 Qg5 30. Rb5 Re5 31. Rb8+ Kg7 32. Kg2 Bc5 33.
Qd8 Qxd8 34. Rxd8 Bb6 35. Rd5 Rxd5 36. Bxd5 Kf6 1-0